000 01195nam a22003737a 4500
003 CHAP
005 20220329143731.0
008 110429s1985 ag a r 00010 spa d
010 _a101085
011 _a102057
020 _a9505245718
035 _a112745
040 _cCHAP
090 _aFolleto 17956
_b1985
100 1 _aWiesenauer, Markus
_9121854
245 1 3 _aEl ABC de la homeopatía
_c/por Markus Wiesenauer
250 _a2 ed.
260 _aBuenos aires :
_bLidiun,
_c1985
300 _a60 p. :
_bilus.
490 0 _aBiblioteca de la salud
534 _pTít. original Homiopathíe ein individueller, schomender Weg zur heilung
590 _aBATCH-UPD
_b10
_c20130110
_lUCH01
_h0914
590 _aBATCH-UPD
_b10
_c20130410
_lUCH01
_h0538
590 _aBATCH-UPD
_b10
_c20130914
_lUCH01
_h0619
590 _aCONVERSION
_b10
_c20130109
_lUCH01
_h1356
650 1 4 _aBotánica médica.
_914680
650 1 4 _aHomeopatia.
_956056
650 1 4 _aMedicina alternativa.
_973914
650 1 4 _aTerapéutica fisiológica.
_9112346
830 0 _aBiblioteca de la salud
_912333
901 _aBK
942 _cFOLL
949 _aFolleto 17956
_bBC
_cFOLL
_d33724002254223
_eTS1
_f1985
_i112745
_sb
999 _c101085
_d101085